logo

Bir Sreshtho Munshi Abdur Rouf Library
Jhenaidah Cadet College

The future of humanity : (Record no. 12721)

MARC details
000 -LEADER
fixed length control field 03014nam a2200349 a 4500
001 - CONTROL NUMBER
control field 12721
003 - CONTROL NUMBER IDENTIFIER
control field BD-JhCC
005 - DATE AND TIME OF LATEST TRANSACTION
control field 20230509083203.0
008 - FIXED-LENGTH DATA ELEMENTS--GENERAL INFORMATION
fixed length control field 230509t20182018nyua b 001 0 eng c
020 ## - INTERNATIONAL STANDARD BOOK NUMBER
Canceled/invalid ISBN 9780141986067
035 ## - SYSTEM CONTROL NUMBER
System control number (BD-JhCC)12721
040 ## - CATALOGING SOURCE
Original cataloging agency OU/DLC
Language of cataloging eng
Transcribing agency OU
Description conventions rda
Modifying agency DLC
-- BD-JhCC
050 00 - LIBRARY OF CONGRESS CALL NUMBER
Classification number QB461
Item number .K343 2018
082 00 - DEWEY DECIMAL CLASSIFICATION NUMBER
Classification number 629.45/5
Edition number 23
Item number KAK 2018
100 1# - MAIN ENTRY--PERSONAL NAME
Personal name Kaku, Michio,
Relator term author.
245 14 - TITLE STATEMENT
Title The future of humanity :
Remainder of title terraforming Mars, interstellar travel, immortality, and our destiny beyond Earth /
Statement of responsibility, etc. Dr. Michio Kaku, Professor of Theoretical Physics, City University of New York.
250 ## - EDITION STATEMENT
Edition statement First edition.
264 #1 - PRODUCTION, PUBLICATION, DISTRIBUTION, MANUFACTURE, AND COPYRIGHT NOTICE
Place of production, publication, distribution, manufacture New York :
Name of producer, publisher, distributor, manufacturer Penguin Random House, LLC,
Date of production, publication, distribution, manufacture, or copyright notice [2018]
264 #4 - PRODUCTION, PUBLICATION, DISTRIBUTION, MANUFACTURE, AND COPYRIGHT NOTICE
Date of production, publication, distribution, manufacture, or copyright notice ©2018
300 ## - PHYSICAL DESCRIPTION
Extent xx, 339 pages :
Other physical details illustrations ;
Dimensions 25 cm
336 ## - CONTENT TYPE
Content type term text
Content type code txt
Source rdacontent
337 ## - MEDIA TYPE
Media type term unmediated
Media type code n
Source rdamedia
338 ## - CARRIER TYPE
Carrier type term volume
Carrier type code nc
Source rdacarrier
504 ## - BIBLIOGRAPHY, ETC. NOTE
Bibliography, etc. note Includes bibliographical references (pages 309-324) and index.
505 0# - FORMATTED CONTENTS NOTE
Formatted contents note Introduction: Toward a multiplanet species -- Part I: Leaving the Earth -- Preparing for liftoff -- New golden age of space travel -- Mining the heavens -- Mars or bust -- Mars: the garden planet -- Gas giants, comets, and beyond -- Part II: Voyage to the stars -- Robots in space -- Building a starship -- Kepler and a universe of planets -- Part III: Life in the universe -- Immortality -- Transhumanism and technology -- Search for extraterrestrial life -- Advanced civilizations -- Leaving the universe.
520 ## - SUMMARY, ETC.
Summary, etc. "Formerly the domain of fiction, moving human civilization to the stars is increasingly becoming a scientific possibility--and a necessity. Whether in the near future due to climate change and the depletion of finite resources, or in the distant future due to catastrophic cosmological events, we must face the reality that humans will one day need to leave planet Earth to survive as a species. World-renowned physicist and futurist Michio Kaku explores in rich, intimate detail the process by which humanity may gradually move away from the planet and develop a sustainable civilization in outer space. He reveals how cutting-edge developments in robotics, nanotechnology, and biotechnology may allow us to terraform and build habitable cities on Mars. He then takes us beyond the solar system to nearby stars, which may soon be reached by nanoships traveling on laser beams at near the speed of light. Finally, he brings us beyond our galaxy, and even beyond our universe, to the possibility of immortality, showing us how humans may someday be able to leave our bodies entirely and laser port to new havens in space. With irrepressible enthusiasm and wonder, Dr. Kaku takes readers on a fascinating journey to a future in which humanity may finally fulfill its long-awaited destiny among the stars"--
Assigning source Provided by publisher.
650 #0 - SUBJECT ADDED ENTRY--TOPICAL TERM
Topical term or geographic name entry element Astrophysics.
650 #0 - SUBJECT ADDED ENTRY--TOPICAL TERM
Topical term or geographic name entry element Interplanetary voyages.
906 ## - LOCAL DATA ELEMENT F, LDF (RLIN)
a 7
b cbc
c orignew
d 1
e ecip
f 20
g y-gencatlg
942 ## - ADDED ENTRY ELEMENTS (KOHA)
Source of classification or shelving scheme Dewey Decimal Classification
Koha item type Books
Holdings
Withdrawn status Lost status Source of classification or shelving scheme Damaged status Not for loan Home library Current library Shelving location Date acquired Cost, normal purchase price Total Checkouts Full call number Barcode Date last seen Date last checked out Copy number Price effective from Koha item type
    Dewey Decimal Classification     JCC Rouf Library JCC Rouf Library General Stacks 05/09/2023 600.00 7 629.45/5 KAK 2018 17697 10/01/2024 10/01/2024 C-1 05/09/2023 Books

JCC Library | Contacts | JCC Home

Last Update on 23 September 2017
Copyright @ 2017-2020 JCC Rouf Library
Rouf Library, Jhenidah Cadet College (JCC), Bangladesh